000
00511nam a2200169Ia 4500
008
090711s9999 xx 000 0 und d
082
_b
73335
100
_a
वाळिंबे सुरेश
245
_a
नाती नियतीSाी
260
_c
1994
300
_a
98
600
_a
वाळिंबे सुरेश
630
_a
नाती नियतीSाी
700
_a
वाळिंबे सुरेश
730
_a
नाती नियतीSाी
942
_c
BOOK
999
_c
304512
_d
304512